Foundations of Pakistan: All India Muslim League documents 1906-1947 (Record no. 5196)
[ view plain ]
| 000 -LEADER | |
|---|---|
| fixed length control field | 00704 a2200145 4500 |
| 040 ## - CATALOGING SOURCE | |
| Original cataloging agency | DLC |
| 082 ## - DEWEY DECIMAL CLASSIFICATION NUMBER | |
| Classification number | 954.91 |
| 100 ## - MAIN ENTRY--PERSONAL NAME | |
| Personal name | Pirzada, Syed Sharifuddin |
| 245 ## - TITLE STATEMENT | |
| Title | Foundations of Pakistan: All India Muslim League documents 1906-1947 |
| Statement of responsibility, etc. | Pirzada, Syed Sharifuddin |
| 260 ## - PUBLICATION, DISTRIBUTION, ETC. | |
| Place of publication, distribution, etc. | Karachi: |
| Name of publisher, distributor, etc. | National Pub. House |
| Date of publication, distribution, etc. | 1969-1990 |
| 300 ## - PHYSICAL DESCRIPTION | |
| Extent | v. <1, 3 > 25 cm. |
| 500 ## - GENERAL NOTE | |
| General note | Includes bibliographical references and index |
| 650 ## - SUBJECT ADDED ENTRY--TOPICAL TERM | |
| Topical term or geographic name entry element | 1.All-India Muslim League --History --Sources. 2.Pakistan movement --Sources.3.Muslims --India --Political activity--History --Sources.4.India --Politics and government --1857-1919 --Sources.5.India --Politics and government --1919-1947 --Sources. |
| 942 ## - ADDED ENTRY ELEMENTS (KOHA) | |
| Koha item type | Book |
| Call number prefix | 954.91 PIR |
| Source of classification or shelving scheme | |
| Withdrawn status | Lost status | Damaged status | Not for loan | Collection code | Permanent Location | Current Location | Shelving location | Date acquired | Source of acquisition | Cost, normal purchase price | Total Checkouts | Full call number | Barcode | Date last seen | Date last checked out | Price effective from | Koha item type |
|---|---|---|---|---|---|---|---|---|---|---|---|---|---|---|---|---|---|
| Central Library (CL) | Central Library (CL) | General Stacks | 09/03/2002 | Book Field | 340.00 | 1 | 954.91 PIR | SEECS002399 | 07/19/2016 | 06/03/2016 | 01/05/2017 | Book | |||||
| Central Library (CL) | Central Library (CL) | General Stacks | 09/03/2002 | Book Field | 340.00 | 954.91 PIR | SEECS002400 | 11/14/2012 | 01/05/2017 | Book | |||||||
| NUST Law School (NLS) | NUST Law School (NLS) | General Stacks | 09/03/2002 | Book Field | 340.00 | 3 | 954.91 PIR | SEECS002398 | 12/31/2021 | 12/12/2021 | 01/05/2017 | Book |
